000 00538cam a2200181 a 4500
001 4471763
005 20260304102410.0
008 960628s1996 ilu 000 0 eng
020 _a0891079106
_qTPB : alk. paper
020 _a9780891079101
_q(TPB : alk. paper)
050 0 0 _aBS543
_b.L56 1996
082 0 0 _a231
_220
100 1 _aLloyd-Jones, David Martyn.
245 1 0 _aGod the Father, God the Son /
_cD. Martyn Lloyd-Jones.
260 _aWheaton, Ill. :
_bCrossway Books,
_cc1996.
300 _a370 p. ;
_c24 cm.
942 _2lcc
_cBK
_n0
999 _c8855
_d8855